Aerospace power (Record no. 185614)
[ view plain ]
| 000 -LEADER | |
|---|---|
| fixed length control field | 00689 a2200169 4500 |
| 003 - CONTROL NUMBER IDENTIFIER | |
| control field | Nust |
| 005 - DATE AND TIME OF LATEST TRANSACTION | |
| control field | 20170207153418.0 |
| 040 ## - CATALOGING SOURCE | |
| Transcribing agency | Nust |
| 082 ## - DEWEY DECIMAL CLASSIFICATION NUMBER | |
| Classification number | 358.403 |
| 100 ## - MAIN ENTRY--PERSONAL NAME | |
| Personal name | Air chief marshal Mushaf ali mir |
| 245 ## - TITLE STATEMENT | |
| Title | Aerospace power |
| Remainder of title | The emerging strategic dimension |
| Statement of responsibility, etc. | Tariq Mahmud Ashraf |
| 260 ## - PUBLICATION, DISTRIBUTION, ETC. | |
| Place of publication, distribution, etc. | Peshwar |
| Name of publisher, distributor, etc. | PAF Press |
| Date of publication, distribution, etc. | 2003 |
| 300 ## - PHYSICAL DESCRIPTION | |
| Extent | 226 p.; |
| 505 ## - FORMATTED CONTENTS NOTE | |
| Formatted contents note | Section .1: The Basics (page-1) Section .2: The Dominate Element in Warfare (page-68) Section III: The Emerging Roles (Page-84) Section IV : The Impact of Nuclearization (Page-126) Section .V : Miscellaneous (Page-182) Section .VI: References (apge-208) |
| 538 ## - SYSTEM DETAILS NOTE | |
| System details note | Almirah No.54 Shelf No.6 |
| 650 ## - SUBJECT ADDED ENTRY--TOPICAL TERM | |
| Topical term or geographic name entry element | Aerospace power |
| 942 ## - ADDED ENTRY ELEMENTS (KOHA) | |
| Source of classification or shelving scheme | |
| Koha item type | Book |
| Withdrawn status | Lost status | Source of classification or shelving scheme | Damaged status | Not for loan | Collection code | Permanent Location | Current Location | Date acquired | Total Checkouts | Full call number | Barcode | Date last seen | Date last checked out | Price effective from | Koha item type |
|---|---|---|---|---|---|---|---|---|---|---|---|---|---|---|---|
| Military College of Signals (MCS) | Military College of Signals (MCS) | 12/12/2016 | 1 | 358.403 ASH | MCS32896 | 10/28/2025 | 10/23/2025 | 12/12/2016 | Book | ||||||
| Military College of Signals (MCS) | Military College of Signals (MCS) | 12/12/2016 | 358.403 ASH | MCS32897 | 12/08/2016 | 12/12/2016 | Book |
